000 01040nam a2200277 a 4500
001 000042794
003 DO-SdBNP
005 20230714124424.0
008 140210s2011 dr a 000 0 spa d
020 _a9789945475074
040 _aDO-SdBNP
_bspa
_cBPMSU
082 4 _a282.97293
_bS127q 2011
_222
100 _aSáez, José Luis
_d1937-
100 z _aSáez Ramo, José Luis,
_d1937
100 z _aRamo, Jośe Luis Sáez
_d1937-
245 1 3 _aEl quehacer de la iglesia dominicana (1511-2011) :
_bhistoria y antología. /
_cJosé Luis Sáez; prólogo, Ramón Benito de la Rosa y Carpio.
260 _aSanto Domingo :
_bAmigo del hogar,
_c2011.
300 _a207 p. :
_bil. ;
_c26 cm.
490 0 _aEdiciones Ferilibro,
_v150
500 _aIncluye referencias bibliográficas y notas a pie de las páginas
590 _6Inventariado, 2023/VM
650 4 _aIglesia católica
_zRepública Dominicana
_xHistoria
700 1 _aRosa y Carpio, Ramón Benito de la
_carzobispo
910 _aVMateo V. Control de calidad (BPMSU)
942 _2ddc
_cBK
999 _c14422
_d14422